La evolución Creadora

Texto recopilatorio de las principales ideas del autor sobre su filosofía vitalista. Revisa en paralelo las principales tesis evolucionistas. Los principales temas que se encuentran son la “evolución de la vida” en relación con los problemas del mecanicismo y la finalidad; las direcciones divergente...

Fuld beskrivelse

Guardado en:
Bibliografiske detaljer
Hovedforfatter: Bergson, Henry
Format: Bog
Sprog:Undetermined
Udgivet: Madrid, España Renacimiento 1912
Fag:
Tags: Tilføj Tag
Ingen Tags, Vær først til at tagge denne postø!

MARC

LEADER 00000nam a2200000Ia 4500
008 170316s9999 xx 000 0 und d
040 |a cru BVZT 
090 |a 100 B-30ev 
100 |a Bergson, Henry 
245 |a La evolución Creadora 
260 |a Madrid, España 
260 |b Renacimiento 
260 |c 1912 
300 |a 254 páginas Tomo I 
520 |a Texto recopilatorio de las principales ideas del autor sobre su filosofía vitalista. Revisa en paralelo las principales tesis evolucionistas. Los principales temas que se encuentran son la “evolución de la vida” en relación con los problemas del mecanicismo y la finalidad; las direcciones divergentes de la evolución como el entorpecimiento, la inteligencia y el instinto; del significado de la vida: orden natural y forma de la inteligencia y finalmente, el devenir real y el falso evolucionismo.  
650 |a FILOSOFÍA  |9 5 
999 |c 15696  |d 15696 
942 |c 15 D  |h 100 B-30ev  |2 z